000 00338nam a22001337a 4500
008 171226b xxu||||| |||| 00| 0 eng d
020 _a0001842020
041 _aeng
080 _a94
100 _a16
101 _aHIS
245 _aA HISTORY OF WARFARE FIELD MARSHALL VISCOUNT MONTGOMERY OF ALAMEN
_cMILL.I
942 _2udc
_cBK
999 _c39401
_d39401